000 00308nam a2200121Ia 4500
005 20260328101508.0
008 260328s9999||||xx |||||||||||||| ||und||
100 _aRodríguez, Santiago
245 0 _aLa Catedral de Burgos /
_cSantiago Rodríguez
260 _bPhoto Club
650 _aARQUITECTURA
942 _cBK
999 _c9099
_d9099